|
|
|
|
| LEADER |
01742cas a2200265 a 4500 |
| 001 |
AALejournalIMF003243 |
| 008 |
230101c9999 xx r poo 0 0eng d |
| 020 |
|
|
|c 5.00 USD
|
| 020 |
|
|
|z 9781451860047
|
| 022 |
|
|
|a 1018-5941
|
| 040 |
|
|
|a BD-DhAAL
|c BD-DhAAL
|
| 100 |
1 |
|
|a Bordo, Michael.
|
| 245 |
1 |
0 |
|a Keeping Capital Flowing :
|b The Role of the IMF /
|c Michael Bordo, Ashoka Mody, Nienke Oomes.
|
| 264 |
|
1 |
|a Washington, D.C. :
|b International Monetary Fund,
|c 2004.
|
| 300 |
|
|
|a 1 online resource (35 pages)
|
| 490 |
1 |
|
|a IMF Working Papers
|
| 500 |
|
|
|a <strong>Off-Campus Access:</strong> No User ID or Password Required
|
| 500 |
|
|
|a <strong>On-Campus Access:</strong> No User ID or Password Required
|
| 506 |
|
|
|a Electronic access restricted to authorized BRAC University faculty, staff and students
|
| 520 |
3 |
|
|a In this paper, we examine the IMF's role in maintaining the access of emerging market economies to international capital markets. We find evidence that both macroeconomic aggregates and capital flows improve following the adoption of an IMF-supported program, although they may initially deteriorate somewhat. Consistent with theoretical predictions and earlier empirical findings, we find that IMF-supported programs are most successful in improving capital flows to countries with bad, but not very bad fundamentals. In such countries, IMF-supported programs are also associated with improvements in the fundamentals themselves.
|
| 538 |
|
|
|a Mode of access: Internet
|
| 700 |
1 |
|
|a Mody, Ashoka.
|
| 700 |
1 |
|
|a Oomes, Nienke.
|
| 830 |
|
0 |
|a IMF Working Papers; Working Paper ;
|v No. 2004/197
|
| 856 |
4 |
0 |
|z Full text available on IMF
|u http://elibrary.imf.org/view/journals/001/2004/197/001.2004.issue-197-en.xml
|z IMF e-Library
|